[Event "Madrid-chT Honor 2122"]
[Site "Madrid"]
[Date "2022.01.30"]
[Round "7.5"]
[White "Gonzalez Martinez, Daniel"]
[Black "Alonso Garcia, Aaron"]
[Result "1-0"]
[WhiteElo "1899"]
[BlackElo "2345"]
[PlyCount "81"]
[EventDate "2021.11.27"]
[EventType "team-tourn"]
[EventRounds "14"]
[EventCountry "ESP"]
[SourceTitle "EXT 2024"]
[Source "ChessBase"]
[SourceDate "2023.10.10"]
[SourceVersion "1"]
[SourceVersionDate "2023.10.10"]
[SourceQuality "1"]
[WhiteTeam "La Didactica"]
[BlackTeam "Collado Villalba"]
[WhiteTeamCountry "ESP"]
[BlackTeamCountry "ESP"]

1. e4 c5 2. Nf3 e6 3. d4 cxd4 4. Nxd4 Nc6 5. Nc3 Qc7 6. g3 a6 7. Bg2 h5 8. h3 Nge7 9. 0-0 Nxd4 10. Qxd4 Nc6 11. Qd3 Bc5 12. Bf4 Ne5 13. Qd2 b5 14. Rfe1 d6 15. b3 Bb7 16. a4 b4 17. Nd1 a5 18. Be3 h4 19. f4 Ng6 20. f5 Ne5 21. g4 Rc8 22. Rc1 Nxg4 23. hxg4 h3 24. Bf3 d5 25. Kh1 dxe4 26. Bxc5 exf3 27. Bf2 Rh6 28. Qd4 h2 29. Qe5 Qe7 30. Qxg7 Rf6 31. Kxh2 Rc6 32. Bh4 Qd6+ 33. Kg1 Qf4 34. Nf2 e5 35. Rcd1 Ke7 36. Qh8 Rcd6 37. Rxd6 Kxd6 38. Qxf6+ Kd7 39. Qxf7+ Kc8 40. Qe8+ Kc7 41. Qxe5+ 1-0